00682nam a2200193Ia 450000500170000000800460001703700290006304000200009204100130011208400230012510000260014824500740017424500400024826000440028830000100033294200210034299900210036395201040038420250508163356.0008 250505s9999 xx 000 0 eng d aBooks to be hide in OPAC aFEDLbengcFEDL aeng2eng a510.7, MAA/OqFEDL aSalkind Charles T Co. 0aMAA problem book II: Annual high school contests of the MAA 1961-1965 0cMathematical Association of America aNew York, USAbL W Singer Companyc1966 a112p. cHBh510.7, MAA/O c1382651d1382651 00104070aFEDLbFEDLd2025-05-08l0o510.7, MAA/OpEL0075988r2025-05-08 16:33:56w2025-05-08yHB